Retail management /

Bibliographic Details
Main Author: Lusch, Robert F.
Other Authors: Dunne, Patrick M., Gable, Myron, 1927-
Format: Book
Language:English
Published: Cincinnati, OH : South-Western Pub. Co., [1990]
Subjects:

MARC

Tag First Indicator Second Indicator Subfields
LEADER 00000cam a2200000 a 4500
001 in00001403494
005 20151020055534.0
008 890808s1990 ohuaf b 001 0 eng
010 |a  89039115  
020 |a 0538802944 :  |c $32.00 
035 |a (OCoLC)20295947 
035 |9 AHN4745AM 
040 |a DLC  |c DLC  |d TXA  |d UtOrBLW 
049 |a TXAM 
050 0 0 |a HF5429  |b .L785 1990 
082 0 0 |a 658.8/7  |2 20 
100 1 |a Lusch, Robert F. 
245 1 0 |a Retail management /  |c Robert F. Lusch, Patrick Dunne, with the assistance of Myron Gable. 
264 1 |a Cincinnati, OH :  |b South-Western Pub. Co.,  |c [1990] 
264 4 |c ©1990 
300 |a xiv, 881 pages, 16 unnumbered pages of plates :  |b illustrations (some color) ;  |c 24 cm. 
336 |a text  |b txt  |2 rdacontent 
337 |a unmediated  |b n  |2 rdamedia 
338 |a volume  |b nc  |2 rdacarrier 
504 |a Includes bibliographical references. 
650 0 |a Retail trade  |x Management. 
700 1 |a Dunne, Patrick M. 
700 1 |a Gable, Myron,  |d 1927- 
948 |a C:BLW  |d 20030215 
999 |a MARS 
999 f f |s 3c2df817-e604-3881-8aba-f29707c76dc0  |i 7c4c4715-949a-3e8e-8fc4-8c68ac1f9ab2  |t 0 
952 f f |p ric  |a Texas A&M University  |b Rellis Campus  |c Joint Library Facility  |d Remote Storage  |t 0  |e HF5429 .L785 1990  |h Library of Congress classification  |i unmediated -- volume  |m A14822110226 
998 f f |a HF5429 .L785 1990  |t 0  |l Remote Storage